The doome warning all men to the iudgemente : wherein are contayned for the most parte all the straunge prodigies hapned in the worlde, with diuers secrete figures of reuelations tending to mannes stayed conuersion towardes God: in maner of a generall chronicle, gathered out of sundrie approued authors by St. Batman professor in diuinite.

Bibliographic Details
Main Author: Lykosthenes, Konrad, 1518-1561
Other Authors: Batman, Stephen, d. 1584
Format: eBook
Language:English
Published: [London] : Imprinted by Ralphe Nubery assigned by Henry Bynneman. Cum priuilegio Regal, Anno Domini 1581.
Series:Early English books online.
Subjects:
Online Access:Connect to the full text of this electronic book
Connect to the full text of this electronic book

MARC

Tag First Indicator Second Indicator Subfields
LEADER 00000nam a2200000 4500
001 in00004229213
005 20200806094536.0
006 m g d
007 cr bn |||a|bb|
008 900921s1581 enk o 00| | eng d
035 |a (UnM)99836886 
037 |a CL0036000012  |b ProQuest. 789 E. Eisenhower Parkway, Ann Arbor, MI 48108-3218 
040 |a Cu-RivES  |c Cu-RivES  |d CStRLIN  |e dcrb  |d WaOLN 
100 1 |a Lykosthenes, Konrad,  |d 1518-1561. 
240 1 0 |a Prodigiorum ac ostentorum chronicon.  |l English 
245 1 4 |a The doome warning all men to the iudgemente :  |b wherein are contayned for the most parte all the straunge prodigies hapned in the worlde, with diuers secrete figures of reuelations tending to mannes stayed conuersion towardes God: in maner of a generall chronicle, gathered out of sundrie approued authors by St. Batman professor in diuinite. 
246 2 |a Doome, warning all men to the judgemente 
246 1 7 |a Doome, vvarning to the iudgement 
246 2 |a Doome, warning to the judgement 
260 |a [London] :  |b Imprinted by Ralphe Nubery assigned by Henry Bynneman. Cum priuilegio Regal,  |c Anno Domini 1581. 
300 |a 1 online resource ([20], 437 [id est 439], [1] pages :  |b illustrations. 
336 |a text  |b txt  |2 rdacontent 
337 |a computer  |b c  |2 rdamedia 
338 |a online resource  |b cr  |2 rdacarrier 
500 |a Translation, with additions, of: Lykosthenes, Konrad. Prodigiorum ac ostentorum chronicon. 
500 |a Numerous errors in pagination. 
500 |a Reproduction of the original in the Henry E. Huntington Library and Art Gallery. 
510 4 |a STC (2nd edition)  |c 1582 
533 |a Electronic reproduction.  |b Ann Arbor, Mich. :  |c UMI,  |d 1999-  |f (Early English books online)  |n Digital version of: (Early English books, 1475-1640 ; 376:8)  |7 s1999 miun s 
650 0 |a Omens  |v Early works to 1800. 
700 1 |a Batman, Stephen,  |d d. 1584. 
830 0 |a Early English books online. 
856 4 0 |u http://proxy.library.tamu.edu/login?url=https://search.proquest.com/docview/2264221079  |z Connect to the full text of this electronic book  |t 0 
856 4 0 |u http://proxy.library.tamu.edu/login?url=https://search.proquest.com/docview/2264222231  |z Connect to the full text of this electronic book  |t 0 
999 f f |s 766a5b3f-7094-3f4a-856e-ecc79635456a  |i 9eefb364-1d3e-3036-85bc-380b1a30005e  |t 0 
952 f f |a Texas A&M University  |b College Station  |c Electronic Resources  |d Available Online  |t 0  |h No information provided 
998 f f |t 0  |l Available Online